000 01094nam a22001937a 4500
008 230202s2022 xxk|||||o|||| 00| 0 eng d
041 _aeng
110 _aRoyal Institution of Chartered Surveyors
245 _aRICS influence, advocacy and thought leadership across the UK
_bImpact Report 2022
_h[Electronic resource]
260 _aLondon,
_bRoyal Institution of Chartered Surveyors,
_cDecember 2022
300 _a42p
490 _aRICS Impact Report
520 _aThe RICS UK Impact Report 2022 provides highlights of our profession’s influence and member insight in shaping our thought leadership and advocacy activity and our impact over the course of 2022. 260+ roundtables and meeting; 55+ responses to policy consultations and submissions of evidence; 270+ influential meetings with government and industry bodies
651 _aUnited Kingdom
690 _96277
_aRICS
710 _aRoyal Institution of Chartered Surveyors
856 _uhttps://www.rics.org/contentassets/32c1cffd4bac49009a7b104c1a8f9c94/rics-uk-impact-report-2022.pdf
_zAvailable free on RICS.org
942 _n0
999 _c121349
_d121349